[Event "VIE-ch U15 Girls"]
[Site "Ho Chi Minh City"]
[Date "2022.07.14"]
[Round "5"]
[White "Tran, Thi Thanh Binh"]
[Black "Tran, Phuong Vi"]
[Result "1/2-1/2"]
[WhiteElo "2114"]
[BlackElo "2100"]
[PlyCount "120"]
[EventDate "2022.07.11"]
[EventType "swiss"]
[EventRounds "9"]
[EventCountry "VIE"]
[SourceTitle "EXT 2023"]
[Source "ChessBase"]
[SourceDate "2022.10.05"]
[SourceVersion "1"]
[SourceVersionDate "2022.10.05"]
[SourceQuality "1"]

1. d4 g6 2. Nf3 Nf6 3. Bf4 Bg7 4. e3 d6 5. h3 0-0 6. Bc4 Nbd7 7. 0-0 c5 8. c3 b6 9. Qb3 Bb7 10. Nbd2 d5 11. Be2 Re8 12. Ne5 Nxe5 13. dxe5 Nd7 14. Nf3 e6 15. Bb5 Qc7 16. Rfd1 Bc6 17. c4 dxc4 18. Qxc4 Bxb5 19. Qxb5 Nxe5 20. Nxe5 Bxe5 21. Rd7 Qb8 22. Bxe5 Qxe5 23. Rxa7 Rxa7 24. Qxe8+ Kg7 25. Qb5 Qd6 26. a4 Rd7 27. e4 Rd8 28. Re1 Qd2 29. Re3 Qc1+ 30. Kh2 Rd2 31. Rf3 Qxb2 32. Qe8 Qe5+ 33. g3 Qc7 34. Qb5 Rd4 35. Qb2 e5 36. Rb3 c4 37. Rxb6 c3 38. Qb5 Rxe4 39. Qc6 Qxc6 40. Rxc6 Rxa4 41. Rxc3 Ra2 42. Kg1 h5 43. Rc6 g5 44. Rb6 f6 45. Rc6 Ra4 46. Kg2 Kg6 47. Kf3 g4+ 48. Kg2 Ra2 49. h4 Kf5 50. Kg1 Rd2 51. Kf1 Rd3 52. Ra6 Rf3 53. Kg2 Ke4 54. Rd6 f5 55. Rh6 Kd3 56. Rxh5 Ke2 57. Rg5 e4 58. h5 e3 59. fxe3 Kxe3 60. h6 Ke2 1/2-1/2

[Event "VIE-ch U15 Girls"]
[Site "Ho Chi Minh City"]
[Date "2022.07.12"]
[Round "2"]
[White "Tong, Thai Ky An"]
[Black "Tran, Thi Thanh Binh"]
[Result "1-0"]
[WhiteElo "2111"]
[BlackElo "2114"]
[PlyCount "83"]
[EventDate "2022.07.11"]
[EventType "swiss"]
[EventRounds "9"]
[EventCountry "VIE"]
[SourceTitle "EXT 2023"]
[Source "ChessBase"]
[SourceDate "2022.10.05"]
[SourceVersion "1"]
[SourceVersionDate "2022.10.05"]
[SourceQuality "1"]

1. e4 e6 2. d4 d5 3. e5 c5 4. c3 Nc6 5. Nf3 Be7 6. a3 f6 7. Bd3 Qc7 8. Bf4 Qb6 9. b4 cxd4 10. cxd4 f5 11. 0-0 Bd7 12. Be2 h6 13. Nc3 g5 14. Be3 f4 15. Na4 Qd8 16. Bc1 h5 17. Nb2 Nh6 18. Ne1 h4 19. Bh5+ Kf8 20. Nc2 Be8 21. Be2 Bg6 22. Bd3 Qe8 23. g3 hxg3 24. fxg3 Bxd3 25. Nxd3 Qg6 26. Rf2 Rg8 27. Qf1 Qe4 28. Nxf4 Ke8 29. Nxe6 Kd7 30. Nc5+ Bxc5 31. bxc5 Nxd4 32. Nxd4 Qxd4 33. Bb2 Qxc5 34. Qh3+ g4 35. Qxh6 Raf8 36. e6+ Kd6 37. e7+ Kxe7 38. Re1+ Kd8 39. Bf6+ Kd7 40. Rc1 Rxf6 41. Qh7+ Qe7 42. Rc7+ 1-0

[Event "VIE-ch U15 Girls"]
[Site "Hanoi"]
[Date "2022.06.15"]
[Round "7"]
[White "Tong, Thai Ky An"]
[Black "Tran, Thi Thanh Binh"]
[Result "0-1"]
[WhiteElo "2120"]
[BlackElo "2119"]
[PlyCount "96"]
[EventDate "2022.06.11"]
[EventType "swiss"]
[EventRounds "9"]
[EventCountry "VIE"]
[SourceTitle "EXT 2023"]
[Source "ChessBase"]
[SourceDate "2022.10.05"]
[SourceVersion "1"]
[SourceVersionDate "2022.10.05"]
[SourceQuality "1"]

1. e4 c6 2. d4 d5 3. exd5 cxd5 4. Bd3 Nf6 5. h3 e6 6. Nf3 Bd6 7. 0-0 Nbd7 8. Re1 a6 9. Ne5 Qc7 10. Bf4 Qb6 11. Nxd7 Bxd7 12. Bxd6 Qxd6 13. c3 0-0 14. Nd2 Bc6 15. Nf3 Ne4 16. Ne5 f5 17. Qc2 g6 18. Qe2 Rae8 19. Rad1 b5 20. a3 Bb7 21. Qf3 Re7 22. Bxe4 dxe4 23. Qf4 Qd5 24. Re3 Rg7 25. Rg3 Qa2 26. Qc1 Qd5 27. Qf4 a5 28. h4 Qd8 29. f3 Qe7 30. Rf1 b4 31. axb4 axb4 32. fxe4 Bxe4 33. Nf3 Rc8 34. Ng5 Bd5 35. Qe5 h6 36. Nh3 Qxh4 37. cxb4 Rc4 38. Rd3 g5 39. Rxf5 Rc1+ 40. Rf1 Rxf1+ 41. Kxf1 Bc4 42. Ke2 Qg4+ 43. Ke3 Qxg2 44. Rd2 Qxh3+ 45. Ke4 Bd5+ 46. Qxd5 exd5+ 47. Kxd5 Rd7+ 48. Kc4 Rc7+ 0-1

[Event "VIE-ch U15 Girls"]
[Site "Hanoi"]
[Date "2022.06.15"]
[Round "6"]
[White "Tran, Thi Thanh Binh"]
[Black "Nguyen, Le Cam Hien"]
[Result "1/2-1/2"]
[WhiteElo "2119"]
[BlackElo "2115"]
[PlyCount "86"]
[EventDate "2022.06.11"]
[EventType "swiss"]
[EventRounds "9"]
[EventCountry "VIE"]
[SourceTitle "EXT 2023"]
[Source "ChessBase"]
[SourceDate "2022.10.05"]
[SourceVersion "1"]
[SourceVersionDate "2022.10.05"]
[SourceQuality "1"]

1. d4 Nf6 2. c4 g6 3. Nc3 Bg7 4. e4 d6 5. Be2 0-0 6. Nf3 Nbd7 7. Bf4 e5 8. dxe5 dxe5 9. Bg5 h6 10. Bh4 c6 11. Qc2 Qe7 12. 0-0 g5 13. Bg3 Ne8 14. Nd2 Nc7 15. Nb3 Ne6 16. Bd3 Nf4 17. f3 Nc5 18. Nxc5 Qxc5+ 19. Bf2 Qe7 20. a3 Be6 21. b4 b6 22. Be2 Rfd8 23. Rfd1 Bf8 24. Bf1 Qf6 25. Ne2 Nxe2+ 26. Bxe2 Qe7 27. c5 b5 28. a4 a6 29. h3 Rxd1+ 30. Rxd1 Rd8 31. Rxd8 Qxd8 32. Qd1 Qxd1+ 33. Bxd1 Bc4 34. axb5 axb5 35. Bc2 Kg7 36. h4 Be7 37. hxg5 Bxg5 38. Be1 Be3+ 39. Kh2 Kg6 40. Bc3 f6 41. g4 Kg5 42. Kg3 h5 43. gxh5 Kxh5 1/2-1/2

[Event "VIE-ch U15 Girls"]
[Site "Hanoi"]
[Date "2022.06.13"]
[Round "4"]
[White "Tran, Thi Thanh Binh"]
[Black "Nguyen, Binh Vy"]
[Result "1/2-1/2"]
[WhiteElo "2119"]
[BlackElo "2092"]
[PlyCount "72"]
[EventDate "2022.06.11"]
[EventType "swiss"]
[EventRounds "9"]
[EventCountry "VIE"]
[SourceTitle "EXT 2023"]
[Source "ChessBase"]
[SourceDate "2022.10.05"]
[SourceVersion "1"]
[SourceVersionDate "2022.10.05"]
[SourceQuality "1"]

1. d4 c5 2. c3 e6 3. Nf3 Nf6 4. Bf4 d5 5. e3 Nc6 6. Nbd2 Be7 7. Be2 0-0 8. Ne5 Nxe5 9. Bxe5 Nd7 10. Bg3 b6 11. Bf3 f5 12. Qb3 Nf6 13. dxc5 bxc5 14. Rd1 Qa5 15. 0-0 c4 16. Nxc4 dxc4 17. Qxc4 Qa6 18. Qc7 Bd7 19. Bxa8 Rxa8 20. Rxd7 Nxd7 21. Qxd7 Bf6 22. Bc7 Qxa2 23. Qb5 Rf8 24. Rd1 h6 25. g3 a6 26. Qb4 Rc8 27. Qb7 Rf8 28. Rd6 a5 29. Ra6 a4 30. h3 Qb1+ 31. Kg2 Bxc3 32. Bd6 Rd8 33. Qc7 Bf6 34. Rxa4 Qd1 35. Ra6 Qd5+ 36. Kg1 Qd1+ 1/2-1/2